MDQL
is popping MORE tags! Check the
thread
!
Quizzes
Events
Quiz Creation
Community
Videos
Private Events
Remove Ads
Sign In
Join for FREE
Feedback
Dark Mode
Quiz Categories
Sports
Geography
Music
Movies
Television
Just For Fun
Miscellaneous
History
Literature
Language
Science
Gaming
Entertainment
Religion
Holiday
For Kids
Quiz Lab
Recent
Popular Today
Quiz Kudos Today
Editor Picks
Curator Picks
Quizzes by...
Day
Popularity
Type
Ratings
Length
Year
Community
Subscriptions
Recent Discussions
Orange Saloon
Badges
Playlists
Quests
Create
Leaderboards
Showdown
Live 5
Trivia Bingo
Activity
Puzzle Library
Sporcle Events
Private Events
Virtual Trivia
Globe League
Become a Host
Pub Owners
SporcleCon
Opinionation
Our Games
Videos
Blog
Mobile Apps
Partnerships
Remove Ads and Go Orange
Feedback
History
US Presidents
World Leaders
Politics
Nation
Discovery
War
Decade
Year
Century
Biography
Art
History
US Presidents
World Leaders
Politics
Nation
Discovery
War
Decade
Year
Century
Biography
Art
Random Quiz
Search Sporcle
×
Quiz Lab
Quiz Lab
History
World Leaders
Type in answers that appear in a list
Type in answers that appear in a list
Classic
Best Score? Go Orange.
Current Female World Leaders Stats
Can you name the Female World Leaders (as of October 2010)?
By
hkm1992
7m
24 Questions
83 Plays
83 Plays
83 Plays
Comments
Comments
Give Quiz Kudos
Give Quiz Kudos
-
- Ratings
hide this ad
More Info
Replay
Link that replays current quiz
Next Quiz
Link to next quiz in quiz playlist
You Got
0%
They Got
Avg Score
22%
Avg Friend Score
Upgrade to see
Score Distribution
Jump to the score distribution portion of the page
Score
0/24
Timer
07:00
0
Plays Today
Position
Female Leader
% Correct
Queen of United Kingdom
Elizabeth II
91.6%
Federal Chancellor of Germany
Angela Merkel
81.9%
Queen of the Netherlands
Beatrix
50.6%
Prime Minister of Australia
Julia Gillard
50.6%
President of Liberia
Ellen Johnson-Sirleaf
41%
Queen of Denmark
Margrethe II
27.7%
President of Ireland
Mary McAleese
27.7%
President of Finland
Tarja Halonen
25.3%
President of India
Pratibha Patil
25.3%
President of Argentina
Cristina Fernández de Kirchner
25.3%
President of the Confederation of Switzerland
Doris Leuthard
13.3%
Prime Minister of Iceland
Jóhanna Sigurðardóttir
10.8%
Position
Female Leader
% Correct
President of Lithuania
Dalia Grybauskaitė
10.8%
Governor-
General of Australia
Quentin Bryce
9.6%
President of Kyrgyzstan
Roza Otunbayeva
9.6%
Prime Minister of Bangladesh
Hasina Wajed
7.2%
Prime Minister of Croatia
Jadranka Kosor
7.2%
Prime Minister of Slovakia
Iveta Radičová
7.2%
Prime Minister of Finland
Mari Kiviniemi
6%
Prime Minister of Trinidad and Tobago
Kamla Persad-Bissessar
4.8%
President of Costa Rica
Laura Chinchilla Miranda
3.6%
Governor General of Antigua and Barbuda
Louise Lake-Tack
2.4%
Leader of the Government of San Marino
Antonella Mularoni
2.4%
President of Bosnia-
Herzegovina
Borjana Kristo
1.2%
Quiz Playlist
Details
Report
Send in Message
Add To Playlist
More Info:
All the leaders were in power as of October 1, 2010.
Classic:
Type in answers that appear in a list
Quiz Source
Last Updated: Feb 16, 2017
Quiz Scoreboard
CHALLENGE
Sign Up to Join the Scoreboard
Show All
Scores
Hide
Comments
May contain spoilers
Recently Published
Colored Red Africa Blitz
by spor1
Geography
30s
Find the 'City' Movie
by crazypaving
Movies
60s
5x2 Blitz: Bands
by SL_Kpop136
Music
30s
More to Explore
Quiz From the Vault
Featured Blog Post
14 Easter Pick-up Lines to Find Eggs With
hide this ad
You Might Also Like...
Tags
World Leaders Quiz
female
Women
Today's Top Quizzes in History
Browse History
hide this ad
Today's Top Quizzes in World Leaders
Browse World Leaders
Top Contributed Quizzes in History
1
Popular People in 1991
2
US National Parks Named After People
3
Order Up: 1000 Years of World Events I
4
Popular People in 1981
5
Popular People in 1951
6
Popular People in 1941
7
Popular People in 1986
8
Popular People in 1921
9
Popular People in 1976
10
Magic 10 Blitz: U.S. Presidents
Explore More
Trending Topics
NBA
Kpop
Marvel
Crossword
Anime
Disney
Harry Potter
Song
Pokémon
Country
The Office
Soccer
WWE
NFL
Puzzle
hide this ad
More By:
hkm1992
Quiz
Plays
Rating
Category
Featured
Created
Pennsylvania Colleges and Universities
775
4.33
History
Oct 16, 2010
Female Singers
128
Music
Oct 4, 2010
Current Female World Leaders
83
History
Oct 10, 2010
Go to Creator's Profile
Score Distribution
Quiz Creator Spotlight
hkm1992
Follow
Send a Message
Quizzes Created
-
Created Quiz Play Count
-
More By This Creator
Popular Quizzes Today
1
Find the 'City' Movie
2
Colored Red Africa Blitz
3
5x2 Blitz: Bands
4
Find the US States - No Outlines Minefield
5
The Countries of the World
6
Find the US States
7
9x9 Crossword: Cartoon Network
8
US States
More History Quizzes
'H' Historical Figures by Image
Published
Trending Quizzes
Colored Red Europe Blitz I
Colored Red Africa Blitz II
Colored Red Africa Blitz III
Colored Red Europe Blitz III
Colored Red Europe Blitz II
Recently Updated
Champions League XIs: Real Madrid
pecheneg
Largest US Cities 1790-2010
pecheneg
Rides in Walt Disney World
pecheneg
Most Oscar Losses (Acting)
pecheneg
Beyoncé Albums
pecheneg
Leaping Animals
pecheneg
Reality TV Shows (A-Z)
bhenderson79
Rickey Henderson's Hall of Fame Teammates
pecheneg
Champions League XIs: Arsenal
pecheneg
Quick Pick: Celebrities in WWE's Hall of Fame
aduchscher
Trending Topics
Crossword
Anime
Disney
Marvel
Harry Potter
NBA
Kpop
The Office
Puzzle
Country
WWE
Pokémon
Soccer
NFL
Song
Your Account Isn't Verified!
In order to create a playlist on Sporcle, you need to verify the email address you used during registration. Go to your
Sporcle Settings
to finish the process.
Report this User
Report this user for behavior that violates our
Community Guidelines
.
Details:
Send Report
Go to the Sporcle.com Mobile Site →
Comments